| 000 | 00694nam a2200241Ia 4500 | ||
|---|---|---|---|
| 008 | 180523s9999 xx 000 0 und d | ||
| 020 | _a978-0-13-513574-7 | ||
| 050 | _aMAIN TX 928 | ||
| 050 | _b.J66 2010 | ||
| 100 | _aJones, Thomas. | ||
| 245 | 0 | _aManaging the built environment in hospitality facilities / | |
| 245 | 0 | _cThomas Jones, Dina Marie V. Zemke. | |
| 260 | _aNew Jersey : | ||
| 260 | _bPrentice Hall, | ||
| 260 | _c2010 | ||
| 300 | _a348 pages : | ||
| 300 | _billustrations ; | ||
| 300 | _c24 cm. | ||
| 500 | _aIncludes index. | ||
| 650 | _aBuilding management. | ||
| 650 | _aHotels -- Maintenance and repair. | ||
| 650 | _xRestaurants -- Maintenance and repair. | ||
| 999 |
_c357815 _d357815 |
||